000 00399nam a2200169Ia 4500
001 28973
003 IN-NITTTR
005 20251114233357.0
008 251113s9999||||xx |||||||||||||| ||eng||
040 _beng
040 _cIN-NITTTR
041 _aeng
082 _a491.4325 S64A
100 _aSingh, Suraj Bhan
245 0 _aAngraji-Hindi anuvad vyakaran /
_cSingh, Suraj Bhan
942 _2ddc
_cBK
999 _c31601
_d31601